| 000 | 00416cam a2200169ua 4500 | ||
|---|---|---|---|
| 020 | _csh 70/- | ||
| 041 |
_aeng _h |
||
| 082 |
_a339.41 _bCLA/CO |
||
| 100 | _aClark, Colin . | ||
| 245 |
_aconditions of economic progress / _cClark. _hTextual Documents |
||
| 260 |
_aLondon : _bMacmillan of Co Ltd , _c1960. |
||
| 300 | _a ; . | ||
| 365 | _ash 70/- | ||
| 504 | _a | ||
| 942 | _cBK | ||
| 999 |
_c11254 _d11254 |
||